| 000 | 00783cam a2200229 a 4500 | ||
|---|---|---|---|
| 001 | 000018281 | ||
| 005 | 20200929165432.0 | ||
| 008 | 940301s1993 ht 000 1 fre d | ||
| 040 |
_aDO-SdBNP _bfre _cLC _dBNPHU |
||
| 050 | 0 | 0 |
_aGR121.H3 _bC64 1993 |
| 082 |
_ann* _bC761 |
||
| 245 | 0 | 0 |
_aContes et legendes d'Haiti / _cpresentes par le Centre de recherches litteraires et sociales. |
| 260 |
_aPort-au-Prince, Haiti : _bChristophe, _c1993. |
||
| 300 |
_a148 p. ; _c21 cm. |
||
| 490 | 1 |
_aJunior/ livres pour jeunes, _v1 |
|
| 650 | 0 |
_aTales _zHaiti. _939586 |
|
| 650 | 0 |
_aLegends _zHaiti. _939587 |
|
| 710 | 1 |
_aCentre de recherches litteraires et sociales (Haiti) _939588 |
|
| 830 | 0 |
_aJunior/ livres pour jeunes ; _v1 _939589 |
|
| 910 | _aCatalogación por copia / LC | ||
| 049 | _aBNGR | ||
| 999 |
_c17802 _d17802 |
||